00698nam a22002297a 450000500170000001000130001702000250003003500130005503700160006804000120008408200150009610000230011124501020013426000450023627000610028130000250034249000240036750000190039165000150041065000210042570000220044620170124105914.0 aA-936267 c00.00a9780195643787 aA-936267 bCen Lib/Ret aDPLbEN a340.1bMUR aMurphy, Jeffrie G. aPhilosophy of law :cby Jeffrie G.Murphy [and] Jules L. Colemanban introduction to jurisprudence aNew DelhibOxford University Pressc2002 aYMCA Library Building, Jai Singh RoadbNew Delhie110001 axvi, 240p.c23cm(Hb) aLaw in India series aIncludes index aPhilosophy aPhilosophy - Law aColeman, Jules L.